[Event "Lazne Bohdanec"]
[Site "Lazne Bohdanec"]
[Date "1996.??.??"]
[Round "8"]
[White "Stocek, Jiri"]
[Black "Babula, Vlastimil"]
[Result "1/2-1/2"]
[WhiteElo "2465"]
[BlackElo "2540"]
[Annotator "Hecht,H"]
[PlyCount "141"]
[EventDate "1996.01.??"]
[EventType "tourn"]
[EventRounds "11"]
[EventCountry "CZE"]
[EventCategory "10"]
[SourceTitle "CBM 051"]
[Source "ChessBase"]
[SourceDate "1996.04.01"]
[SourceVersion "1"]
[SourceVersionDate "1996.04.01"]
[SourceQuality "1"]

1. e4 c5 2. Nf3 Nc6 3. c3 d5 4. exd5 Qxd5 5. d4 Bg4 6. Be2 cxd4 7. cxd4 e6 8.
h3 Bh5 9. Nc3 Qd6 10. Nb5 Qb8 11. g3 Bd6 12. d5 exd5 13. Qxd5 Bb4+ 14. Kf1 Nf6
15. Qc4 a6 16. Nbd4 O-O 17. Bf4 Bd6 18. Nxc6 bxc6 19. Bxd6 Qxd6 20. Rd1 Nd5 21.
Kg2 Rfe8 22. Rhe1 Rab8 23. Nd4 Bxe2 24. Rxe2 Rxe2 25. Qxe2 g6 26. Rd2 a5 27.
Nf3 a4 28. Qe5 Qxe5 29. Nxe5 Ne7 30. Rd7 f6 31. Nd3 Nd5 32. Ra7 Nb4 33. Nc1 Nd5
34. b3 axb3 35. Nxb3 Nc3 36. Nc5 Rb2 37. a4 f5 38. a5 Nd1 39. Rd7 Ne3+ 40. Kf3
Nc4 41. Rb7 Ra2 42. a6 Nd6 43. Rd7 Ne4 44. a7 Nxc5 45. Rd8+ Kf7 46. a8=Q Rxa8
47. Rxa8 {[#] T-S: Taktik, Freibauern} Ne6 48. Ke3 Kf6 49. Ra7 h6 50. Rh7 h5
51. f4 c5 52. Kd3 (52. h4 $5 c4 53. Ra7 Nc5 54. Rc7 Ne4 55. Rxc4 Nxg3 56. Rc6+
Kg7 57. Kd4 $13 {Analyse!}) 52... h4 53. Rxh4 Kg7 54. Ke3 (54. Kc4 $5 Nd4 55.
Kxc5 Nf3 56. Kd6 Nd4 (56... Nxh4 57. gxh4 Kf6 58. Kd5 Kf7 59. Ke5 Ke7 60. h5
$18) 57. Kd7 Nf3 58. Ke7 Nd4 59. g4 Nf3 60. gxf5 Nxh4 61. f6+ Kh7 62. f7 Nf5+
63. Kf6 $18) 54... c4 55. g4 {[#]} g5 (55... c3 56. gxf5 c2 57. Kd2 Nd4 58. Rg4
Nxf5 59. Kxc2 Ne3+ 60. Kd3 Nxg4 61. hxg4 Kf6 62. Kd4 Ke6 63. Kc5 $18) 56. gxf5
(56. fxg5 f4+ 57. Kd2 f3 58. Rh6 c3+ 59. Kxc3 Nxg5 60. Ra6 f2 61. Ra1 Ne4+ 62.
Kd3 Ng3 $10) 56... Nxf4 57. Rg4 Kf6 58. h4 Nd5+ 59. Ke4 Nc3+ 60. Kf3 (60. Kd4
$1 Nb5+ 61. Kxc4 Nd6+ 62. Kd5 Nxf5 63. hxg5+ Kg6 64. Ke4 $18) 60... gxh4 61.
Rxc4 (61. Kf4 Ne2+ 62. Kf3 Ng3 $10) 61... Nd5 62. Ke4 Ne7 63. Rc3 Kg5 64. Rf3
h3 65. Rf2 (65. f6 Ng6 66. f7 h2 67. Rf1 Kg4 68. Kd5 Kg3 69. Ke6 Kg2 70. Rf6
Nf8+ 71. Ke7 h1=Q 72. Kxf8 $10) 65... Nxf5 66. Rxf5+ Kg4 67. Rf1 (67. Rf8 h2
68. Rh8 Kg3 69. Ke3 Kg2 70. Rg8+ Kf1 $10) 67... h2 68. Ra1 Kg3 69. Ke3 Kg2 70.
Rh1 Kxh1 71. Kf2 1/2-1/2

[Event "FIDE-Wch k.o."]
[Site "Groningen"]
[Date "1997.12.12"]
[Round "2.2"]
[White "Shaked, Tal"]
[Black "Rublevsky, Sergei"]
[Result "0-1"]
[WhiteElo "2500"]
[BlackElo "2650"]
[Annotator "Hecht,H"]
[PlyCount "98"]
[EventDate "1997.12.09"]
[EventType "k.o."]
[EventRounds "7"]
[EventCountry "NED"]
[SourceTitle "CBM 063"]
[Source "ChessBase"]
[SourceDate "1998.03.26"]
[SourceVersion "1"]
[SourceVersionDate "1998.03.26"]
[SourceQuality "1"]

1. e4 c5 2. c3 Nf6 3. e5 Nd5 4. d4 cxd4 5. Nf3 e6 6. cxd4 d6 7. a3 Bd7 8. Bd3
Bc6 9. O-O Nd7 10. b4 a6 11. Re1 Rc8 12. Bg5 Be7 13. Bxe7 Qxe7 14. Nbd2 O-O 15.
Ne4 dxe5 16. dxe5 Nf4 17. Bf1 Rfd8 18. Qd4 Ng6 19. Qb2 Bd5 20. g3 Nb6 21. Rac1
Nc4 22. Bxc4 Rxc4 23. Rxc4 Bxc4 24. h4 h6 25. h5 Nf8 26. Nfd2 Bd5 27. Qc3 Bc6
28. Qe3 Nd7 29. f4 Kh8 30. Nc4 Bd5 31. Ncd6 f6 32. Qd4 fxe5 33. fxe5 Nb8 34.
Nc3 Nc6 35. Qf4 Rf8 36. Nxd5 exd5 37. Nf5 Qe8 38. g4 Qe6 39. Kh2 d4 40. Kg3 d3
41. Nd4 Rxf4 42. Nxe6 {[#] Behauptung des d-Freibauern mit einem taktischen
Witz. Danach wirken die weiteren weißen Bauernschwächen entscheidend. Taktik!}
Re4 $1 43. Rf1 (43. Rxe4 d2 $19 {[%cal Gd2e1,Gc6d4]}) 43... Nxe5 {[%csl Rg4]
[%cal Rd3d2]} 44. g5 (44. Nf4 Re3+ 45. Kg2 d2 46. Rd1 Nc4 47. Kf2 Rxa3 $19)
44... Rg4+ 45. Kh3 hxg5 46. Rf5 d2 47. Rf8+ Kh7 48. Rd8 Rg1 49. Nf8+ (49. Rxd2
g4+ 50. Kh4 {oder Kh2} Nf3#) 49... Kh6 0-1

[Event "Riga zt"]
[Site "Riga"]
[Date "1995.??.??"]
[Round "7"]
[White "Rytshagov, Mikhail"]
[Black "Miezis, Normunds"]
[Result "0-1"]
[WhiteElo "2485"]
[BlackElo "2435"]
[Annotator "Hecht,H"]
[PlyCount "136"]
[EventDate "1995.03.??"]
[EventType "tourn"]
[EventRounds "13"]
[EventCountry "LAT"]
[EventCategory "10"]
[SourceTitle "CBM 047"]
[Source "ChessBase"]
[SourceDate "1995.08.01"]
[SourceVersion "1"]
[SourceVersionDate "1995.08.01"]
[SourceQuality "1"]

1. e4 c5 2. Nf3 e6 3. c3 d5 4. exd5 Qxd5 5. d4 Nf6 6. Be3 cxd4 7. cxd4 Nc6 8.
Nc3 Qd8 9. a3 Be7 10. Bd3 O-O 11. Qc2 Bd7 12. O-O Rc8 13. Rad1 Qc7 14. Rfe1
Rfd8 15. d5 Na5 16. Ng5 Ng4 17. Bxh7+ Kf8 18. Nf3 Nc4 19. Bc1 Qb6 20. Re2 Bf6
21. dxe6 Bxe6 22. Rxd8+ Qxd8 23. h3 Nge5 24. Nxe5 Nxe5 25. Be4 b5 26. Rd2 Qb6
27. Bf5 a5 28. Bxe6 Qxe6 29. Qd1 Qc4 30. Ne2 a4 31. Rd5 Qc2 32. Qxc2 Rxc2 33.
Kf1 Nc6 34. Ke1 Bxb2 35. Bxb2 Rxb2 36. Nc3 b4 37. axb4 a3 38. b5 Nb4 39. Rd8+
Ke7 40. Ra8 a2 41. Nxa2 Nxa2 42. Ra7+ Kf6 43. Ra6+ Kg5 44. h4+ Kxh4 45. Ra7 Kg5
46. Rxf7 Kg6 47. Rf8 (47. Rb7 Nc3 48. b6 Nd5 $19) 47... Rxb5 {Hecht:
R+fP+gP<->RN+gP. Bauern auf einem Flügel. Gute technik} 48. g3 Nc3 49. Rf4 Nd5
50. Rd4 Kf5 51. Kf1 g5 52. Kg2 Nf6 53. Rd8 (53. Rd2 Ne4 54. Rc2 Rd5 55. f3 (55.
g4+ Kf4 $19) (55. Ra2 Rd2 56. Ra5+ Kg6 57. Ra6+ Kh5 58. Kf3 Nxf2 $19) 55...
Rd2+ 56. Rxd2 Nxd2 57. Kf2 Nc4 58. Ke2 Ke6 59. Kd3 Kd5 60. Kc3 (60. Ke2 Kd4 61.
Kf2 Kd3 62. g4 Ne5 63. Kg3 Ke3 $19) 60... Nd6 61. Kd3 Nf5 $19) 53... Rb2 54.
Rf8 Kg6 55. Kf3 g4+ 56. Ke3 Kf5 57. Rf7 Kg6 58. Rf8 Kg5 59. Rd8 Kf5 60. Rf8 Ke6
61. Ra8 Nd5+ 62. Kd4 Rd2+ 63. Ke4 Re2+ 64. Kd4 Nf6 65. Ra6+ Kf5 66. Ra5+ Kg6
67. Ra3 Rxf2 68. Re3 Kg5 0-1

[Event "Bern zt"]
[Site "Bern"]
[Date "1990.??.??"]
[Round "12"]
[White "Brestian, Egon"]
[Black "Bruk, Ofer"]
[Result "1/2-1/2"]
[WhiteElo "2470"]
[BlackElo "2435"]
[Annotator "Horn,Pe"]
[PlyCount "33"]
[EventDate "1990.01.??"]
[EventType "tourn"]
[EventRounds "15"]
[EventCountry "SUI"]
[EventCategory "9"]
[SourceTitle "CBM 017"]
[Source "ChessBase"]
[SourceDate "1990.08.01"]
[SourceVersion "1"]
[SourceVersionDate "1990.08.01"]
[SourceQuality "1"]

1. Nf3 d5 2. c4 dxc4 3. Na3 c5 4. Nxc4 Nc6 5. e3 Nf6 6. Be2 {N} (6. b3 g6 7.
Bb2 Bg7 8. Be2 {Suba-Sadler, London 1988}) 6... e6 7. O-O Be7 8. d4 O-O 9. a3
cxd4 10. exd4 Nd5 11. Nce5 Nxe5 12. dxe5 Bd7 13. Bd3 Qb6 14. Qe2 Rfd8 15. Re1
Rac8 16. Bg5 Bxg5 17. Nxg5 1/2-1/2

[Event "RUS-chT 07th"]
[Site "Smolensk"]
[Date "2000.04.20"]
[Round "6"]
[White "Aleksandrov, Aleksej"]
[Black "Nikitin, Andrey"]
[Result "1-0"]
[WhiteElo "2606"]
[BlackElo "2400"]
[Annotator "Huzman,A"]
[PlyCount "43"]
[EventDate "2000.04.15"]
[EventType "team-tourn"]
[EventRounds "11"]
[EventCountry "RUS"]
[SourceTitle "CBM 077"]
[Source "ChessBase"]
[SourceDate "2000.07.27"]
[SourceVersion "1"]
[SourceVersionDate "2000.07.27"]
[SourceQuality "1"]
[WhiteTeam "Smolensk TsEM"]
[BlackTeam "Tomsk Politekhnik-Yantar"]
[WhiteTeamCountry "RUS"]
[BlackTeamCountry "RUS"]

1. d4 d5 2. c4 dxc4 3. Nf3 Nf6 4. e3 e6 5. Bxc4 c5 6. O-O a6 7. Bb3 Nc6 8. Qe2
cxd4 9. Rd1 Be7 10. Nxd4 Nxd4 11. exd4 O-O 12. Nc3 Nd5 13. Qf3 Nxc3 14. bxc3
Qc7 (14... Rb8 15. c4 b6 16. c5 bxc5 17. dxc5 Qc7 18. Bb2 Rb5 19. c6 a5 20. Rd2
Rd8 21. Rxd8+ Bxd8 22. Rd1 Be7 23. Bd4 f6 24. h4 h5 25. Be3 g6 26. Bf4 Qb6 27.
Qe4 Kf7 28. Re1 $18 {1-0 Volzhin,A-Raetsky,A/Cappelle la Grande 2000/CBM 74
ext (32)}) (14... Bd6 15. c4 Rb8 16. c5 Bc7 17. Bf4 Bxf4 18. Qxf4 Bd7 19. d5
exd5 20. Rxd5 Qc8 21. Rd6 Bf5 22. h4 Bg4 23. Qd4 Re8 24. Rc1 h5 25. Rg6 {
1-0 Cvitan,O-Estrada Nieto,J/Cappelle la Grande 1999/EXT 2000 (25)}) 15. c4 e5
(15... Bd6 16. c5 Be7 17. Bf4 Qd7 18. Rac1 Qc6 19. d5 exd5 20. Bxd5 Qg6 21. h3
Ra7 22. Qe3 Bf6 23. c6 bxc6 24. Be4 Bf5 25. Bxf5 Qxf5 26. g4 {1-0 Kasparov,
G-Spangenberg,H/Buenos Aires 1997/EXT 98 (26)}) 16. Qg3 $1 Be6 (16... Bf6 17.
Bb2) 17. Bh6 Bf6 18. Re1 Rfd8 (18... b5 19. dxe5 bxc4 20. f4 $1 Qd8 21. Bc2 $18
) 19. dxe5 $18 Kf8 20. f4 Qb6+ 21. c5 Qxc5+ 22. Kh1 1-0

[Event "Bundesliga 0405"]
[Site "Germany"]
[Date "2005.01.29"]
[Round "8.2"]
[White "Vaganian, Rafael A"]
[Black "Gabriel, Christian"]
[Result "1-0"]
[WhiteElo "2640"]
[BlackElo "2556"]
[Annotator "Huzman,A"]
[PlyCount "41"]
[EventDate "2004.11.12"]
[EventType "team-tourn"]
[EventRounds "15"]
[EventCountry "GER"]
[SourceTitle "CBM 106"]
[Source "ChessBase"]
[SourceDate "2005.06.06"]
[SourceVersion "1"]
[SourceVersionDate "2005.06.06"]
[SourceQuality "1"]
[WhiteTeam "Porz"]
[BlackTeam "Solingen"]
[WhiteTeamCountry "GER"]
[BlackTeamCountry "GER"]

1. d4 {Ftacnik} d5 2. c4 dxc4 3. e3 c5 4. Bxc4 cxd4 5. exd4 Qc7 6. Be2 Nf6 (
6... e6 7. Nf3 (7. Nc3 a6 8. Nf3 Nf6 9. O-O Be7 10. Bd3 O-O 11. Qe2 Nc6 12. Be3
Nb4 13. Bb1 Nbd5 $11 {1/2-1/2 Ovsejevitsch,S-Gyimesi,Z/Szeged 1994/TD (22)})
7... Nf6 8. O-O Be7 9. Nc3 O-O 10. Bg5 (10. Be3 Nc6 11. h3 (11. Rc1 Rd8 12. Bd3
Bd7 13. a3 Rac8 14. Qe2 Be8 $11 {1/2-1/2 Rogozenko,D-Keitlinghaus,L/Germany
1996/GER-chT (27)}) 11... b6 12. Rc1 Bb7 13. Qd2 Rfd8 {1/2-1/2 Gabriel,
C-Sermek,D/Makarska 1996/EXT 98 (13)}) 10... Nc6 11. Rc1 (11. h3 Rd8 12. Qb3
Qa5 13. Be3 Qb4 $11 {0-1 Barlov,D-Sermek,D/Porto San Giorgio 1996/EXT 2000 (32)
}) 11... Rd8 12. a3 (12. Rc2 Qa5 13. Rd2 h6 14. Be3 a6 15. Qc1 Bd7 16. Rfd1 Be8
$11 {1/2-1/2 Crombleholme,A-Giulian,P/Isle of Lewis 1995/EXT 2001 (36)}) (12.
Qb3 Qa5 13. Be3 Bd7 14. a3 Be8 15. Rfd1 h6 16. h3 Rab8 17. Qa2 $14 {1/2-1/2
Tukmakov,V-Sturua,Z/Yerevan 1996/CBM 52 ext (32)}) 12... Qa5 13. b4 Qf5 14. Bd3
Qg4 15. h3 Qh5 16. Ne2 $16 {1/2-1/2 Gabriel,C-Sermek,D/Portoroz 1993/CBM 37 
(61)}) 7. Nc3 (7. Nf3 Bg4 8. Nc3 e6 9. O-O Nc6 10. Qa4 Bb4 11. h3 Bh5 12. Bg5
Bxc3 13. Bxf6 gxf6 14. bxc3 O-O 15. Qb5 Bg6 16. Nh4 Rfd8 17. f4 Ne7 $11 {
0-1 Toth,A-Horvath,C/Budapest 1999/EXT 2000 (31)}) 7... e6 8. Nf3 Be7 (8... Nc6
9. O-O Be7 10. Nb5 (10. a3 O-O 11. Bd3 b6 12. Qe2 Bb7 13. Rd1 Rac8 14. Bg5 Rfd8
15. Rac1 Qb8 $11 {1/2-1/2 Malaniuk,V-Vaulin,A/St Petersburg 1996/CBM 52 (34)})
(10. d5 Nxd5 11. Nxd5 exd5 12. Qxd5 Be6 13. Qe4 O-O-O 14. Bf4 Bd6 15. Bxd6 Rxd6
$14 {0-1 Grdinic,Z-Varga,Z/Rabac 2003/CBM 94 ext (26)}) 10... Qd8 11. Ne5 (11.
Bf4 Nd5 12. Bg3 a6 13. Nc3 O-O 14. Qb3 Na5 (14... Nxc3 15. bxc3 b5 16. a4 b4
17. c4 Nxd4 18. Nxd4 Qxd4 19. Bf3 Ra7 20. Bb8 Rd7 21. Bc6 Qd3 $17 {0-1 Solana
Suarez,E-Mellado Trivino,J/Salamanca 1998/EXT 99 (38)}) 15. Qc2 Nxc3 16. Qxc3
Nc6 17. Rfd1 Bd7 {1/2-1/2 Ekstroem,R-Kallai,G/France 1998/CBM 64 ext (17)})
11... Bd7 12. Nc3 O-O 13. Bf3 Rc8 14. Be3 Bb4 15. Qb3 Bxc3 16. bxc3 Nxe5 17.
dxe5 Nd5 18. Bxd5 exd5 19. Qxb7 $16 {1-0 Portisch,L-Kallai,G/Hungary 1996/EXT
2000 (40)}) (8... Bb4 9. O-O Bxc3 10. bxc3 Qxc3 11. Bd2 Qc7 (11... Qa3 12. Re1
Nc6 13. Ne5 Nd5 14. Bb5 Qd6 15. Qg4 $40 {1-0 Serper,G-Figler,I/Chicago 2002/
CBM 88 ext (19)}) 12. Rc1 Nc6 13. Bb4 Nd5 14. Bc5 f6 15. Re1 Kf7 16. Bc4 Qd7
17. Qd3 a6 18. a4 $44 {1-0 Marie,M-Matei,L/St Lorrain 2001/EXT 2002 (37)}) (
8... a6 9. O-O Bd6 10. Bg5 Nbd7 11. Rc1 Qa5 12. Qd2 O-O 13. Rfd1 b5 14. d5 $16
{1-0 Mitkov,M-Vasovski,N/Skopje 2002/CBM 88 (32)}) 9. Ne5 O-O 10. O-O Rd8 {
Ftacnik: 'Somewhat dubious move since the rook comes to the center too early.'}
11. Nb5 Qb6 12. a4 Rf8 (12... Re8 13. Bf4 (13. Be3 $5 Qd8 14. Bf3 Nd5 15. Rc1
$36) 13... Na6 14. Rc1 Nd5 15. Bg3 (15. Bh5 $5) 15... Nab4 16. Qb3 a6 17. Nc4
Qd8 18. Nbd6 Rf8 19. Bf3 b6 20. Rfe1 a5 21. Nxc8 Rxc8 $11 {0-1 Sundararajan,
K-Sermek,D/Calcutta 2002/CBM 88/[Huzman] (35)}) (12... Nc6 $2 {Ftacnik} 13. Nc4
$18) (12... a5 {Ftacnik} 13. Bd2 $14) 13. a5 Qd8 14. Bf3 Nd5 (14... a6 15. Nc3
Bb4 16. Qb3 $1 Bxa5 (16... Qxd4 $2 {Ftacnik} 17. Nc4 $18) 17. Bxb7 Bxb7 18.
Qxb7 $16) 15. Bxd5 $5 {'?!' Ftacnik. Ftacnik: 'Vaganian is an excellent
strategical player, but this daring solution seems too radical.'} (15. Nc3 {
'+/=!?' Ftacnik.} Nc6 16. Nxd5 exd5 17. a6 $14) 15... exd5 16. Bf4 Na6 (16...
a6 $1 17. Nc3 Nc6 {'=' Ftacnik.} 18. Nxc6 bxc6 19. Qb3 Bf6 (19... Be6 20. Na4
$14) 20. Qb4 Re8 21. Qc5 $14) 17. Bd2 Nb4 (17... Be6 18. Qb3 Re8 19. Rac1 $14)
(17... f6 18. Nd3 Bf5 19. Qb3 Qd7 20. Rfe1 $14) 18. Qb3 Nc6 19. a6 $1 Nxe5 (
19... Qb6 20. axb7 Qxb7 (20... Bxb7 21. Nd7 $18) 21. Nxc6 Qxc6 22. Rfc1 Qb6 23.
Qxd5 (23. Ba5 Qh6 24. Nc7 Bd6 25. h3 Bxc7 26. Bxc7 $14) 23... Be6 24. Qc6 $16)
20. dxe5 bxa6 $4 {[%mdl 8192]} (20... b6 21. Rfc1 Be6 22. Qd3 $18) 21. Ba5 (21.
Ba5 Qd7 22. Nc7 $18) 1-0

[Event "Goodricke op 13th"]
[Site "Kolkata"]
[Date "2002.03.21"]
[Round "5"]
[White "Sundararajan, Kidambi"]
[Black "Sermek, Drazen"]
[Result "0-1"]
[WhiteElo "2412"]
[BlackElo "2595"]
[Annotator "Huzman,A"]
[PlyCount "70"]
[EventDate "2002.03.17"]
[EventType "swiss"]
[EventRounds "11"]
[EventCountry "IND"]
[SourceTitle "CBM 088"]
[Source "ChessBase"]
[SourceDate "2002.03.21"]
[SourceVersion "1"]
[SourceVersionDate "2002.03.21"]
[SourceQuality "1"]

1. d4 d5 2. c4 dxc4 3. e3 c5 4. Bxc4 cxd4 5. exd4 Qc7 6. Be2 Nf6 7. Nf3 (7. Nc3
e6 8. Nf3 Nc6 9. O-O Be7 10. Nb5 (10. a3 O-O 11. Bd3 b6 12. Qe2 Bb7 13. Rd1
Rac8 14. Bg5 Rfd8 15. Rac1 Qb8 $11 {1/2-1/2 Malaniuk,V-Vaulin,A/St Petersburg
1996/CBM 52 (34)}) 10... Qd8 11. Ne5 Bd7 12. Nc3 O-O 13. Bf3 Rc8 14. Be3 Bb4
15. Qb3 Bxc3 16. bxc3 Nxe5 17. dxe5 Nd5 18. Bxd5 exd5 19. Qxb7 Qc7 20. Rfb1 Bf5
21. Qxc7 Rxc7 22. Rb3 $16 {1-0 Portisch,L-Kallai,G/HUN 1996/EXT 2000 (40)})
7... e6 8. O-O Be7 9. Nc3 O-O 10. Ne5 (10. Bg5 Nc6 11. Rc1 (11. h3 Rd8 12. Qb3
Qa5 13. Be3 Qb4 14. Qc2 Bd7 15. a3 Qd6 16. Rfd1 Rac8 17. Ng5 Na5 18. d5 exd5
19. Bd4 g6 20. Nf3 Ne4 21. Qd3 Bf5 $17 {0-1 Barlov,D-Sermek,D/Porto San
Giorgio 1996/EXT 2000 (32)}) 11... Rd8 12. a3 (12. Qb3 Qa5 13. Be3 Bd7 14. a3
Be8 15. Rfd1 h6 16. h3 Rab8 17. Qa2 a6 18. b4 Qc7 19. Bc4 Rbc8 $11 {1/2-1/2
Tukmakov,V-Sturua,Z/Yerevan 1996/CBM 52 ext (32)}) 12... Qa5 13. b4 Qf5 14. Bd3
Qg4 15. h3 Qh5 16. Ne2 Nd5 17. Ng3 $18 {1/2-1/2 Gabriel,C-Sermek,D/Portoroz
1993/CBM 37 (61)}) (10. Be3 Nc6 11. h3 b6 12. Rc1 Bb7 13. Qd2 Rfd8 {1/2-1/2
Gabriel,C-Sermek,D/Makarska 1996/EXT 98 (13)}) 10... Rd8 (10... Nd5 11. Nxd5
exd5 12. Bf4 Qb6 13. Bd3 Nc6 14. Qh5 g6 15. Nxg6 hxg6 16. Bxg6 fxg6 17. Qxg6+
Kh8 18. Qh6+ {1/2-1/2 Volzhin,A-Delanoy,A/Saint Vincent 2001/CBM 80 ext (18)})
11. Nb5 {A really tempting move.} Qb6 12. a4 Re8 (12... Nc6 $4 13. Nc4 $18) (
12... a5 13. Nc4 Qc6 14. Bd2 Nd5 15. Rc1 $16) 13. Bf4 (13. Be3 $5 Nd5 (13...
Qd8 14. Rc1 Nd5 15. Bf3 $36) 14. Bd3 g6 15. Qf3 $36) 13... Na6 (13... Nd5 14.
Bg3 Nc6 15. Nc4 Qd8 16. Bf3 $36) 14. Rc1 Nd5 15. Bg3 (15. Bh5 $5 {Probably, it
was a right time for White to switch his attention to the K-side.} Rf8 (15...
g6 16. Qf3 Bf6 17. Bg5 $1 $16) 16. Qf3 $36) 15... Nab4 16. Qb3 a6 (16... Nc6
17. Qf3 Rf8 18. Rfd1 $14) 17. Nc4 Qd8 18. Nbd6 Rf8 19. Bf3 b6 20. Rfe1 a5 {
White's Ns are getting somewhat stuck in the opponent's camp. That's why, for
the moment White doesn't seem to have any sort of advantage.} 21. Nxc8 Rxc8 $11
22. Be5 Bf6 23. Nd6 $6 {After this move Black takes over the initiative.} Rxc1
24. Rxc1 Bxe5 25. dxe5 Qg5 26. Re1 Nf4 {[%csl Re5]} 27. Nc4 $2 (27. Qc3 $1 Nbd3
$144 28. Re3 Nh3+ 29. Kf1 Nhxf2 30. Qd4 $44 {[%csl Rf8]} f6 31. Qc4 $1 h6 32.
Qxe6+ Kh8 33. exf6 Qxf6 34. Qxf6 Rxf6 35. Nc4 $16) 27... Rd8 $1 28. Rd1 (28.
Re3 Rd4 $17) 28... Rxd1+ 29. Qxd1 Nh3+ (29... Nbd3 30. g3 Nh3+ 31. Kg2 Nhxf2
32. Qd2 Qf5 33. Qe3 $11 {[%csl Rd3,Rf2] It is very difficult to disentangle
the knot consisting of the couple of black Ns.}) 30. Kf1 Qh4 $1 31. Qe2 (31.
gxh3 Qxc4+ 32. Be2 (32. Kg1 Qd3 $17) (32. Kg2 Nd3 $17) 32... Qd5 $17 (32... Qc7
33. Qd6 $132)) 31... Nxf2 $19 32. Nxb6 Nfd3 33. Be4 Qf4+ 34. Bf3 Qc1+ 35. Qd1
Qe3 {[%cal Ye3f2,Ye3b6]} 0-1

[Event "BL2-Nord 9596"]
[Site "Germany"]
[Date "1995.??.??"]
[Round "?.1"]
[White "Rabiega, Robert"]
[Black "Kalinitschew, Sergey"]
[Result "0-1"]
[WhiteElo "2470"]
[BlackElo "2470"]
[Annotator "Kalinitschew,S"]
[PlyCount "96"]
[EventDate "1995.10.??"]
[EventType "team-tourn"]
[EventRounds "9"]
[EventCountry "GER"]
[SourceTitle "GER-chT2"]
[Source "ChessBase"]
[SourceDate "1999.07.01"]
[SourceVersion "1"]
[SourceVersionDate "1999.07.01"]
[SourceQuality "1"]
[WhiteTeam "Koenig Tegel"]
[BlackTeam "Lasker"]
[WhiteTeamCountry "GER"]
[BlackTeamCountry "GER"]

1. e4 c5 2. c3 e6 3. d4 d5 4. exd5 exd5 5. Be3 (5. Nf3 Nc6 6. Be3 cxd4 7. Nxd4
Bd6 8. Nd2 Nf6 9. Be2 h6 10. N2f3 O-O 11. h3 a6 12. O-O Bc7 13. Re1 Qd6 14. Bf1
Ne4 15. c4 dxc4 16. Qc2 Ng5 $1 17. g3 Nxd4 18. Nxd4 Nxh3+ 19. Kh2 Ng5 20. Bg2
Bb6 21. Qxc4 (21. Rad1 Qc7 22. Bf4 Qc5) 21... Qg6 $1 22. Nf3 Qh5+ 23. Nh4 Be6
24. Qe2 Bg4 25. Qf1 Ba5 26. Rec1 Nf3+ 27. Bxf3 Bxf3 28. Qh3 Bg4 29. Qg2 Rac8 $1
(29... g5 30. Rc5 Bb6 31. Rd5 Bxe3 32. fxe3) 30. Qxb7 g5 31. Qd5 gxh4 32. Qxh5
hxg3+ 33. Kxg3 Bxh5 34. Rh1 Bg6 35. Rxh6 Bc7+ 36. Kg2 Be5 {Vogt,L-Bunzmann,D,
Stolzenau 15` 1996}) 5... cxd4 6. Bxd4 Nc6 7. Nf3 Be6 8. Bb5 Nf6 9. Ne5 (9. O-O
Bd6 $6 10. Qa4 Rc8 11. Qxa7 O-O 12. Qa4 (12. Qxb7 Nxd4 13. Nxd4 Rb8) 12... Ne4
13. Nbd2 Nxd4 14. cxd4 Qf6 15. Rae1 Nxd2 16. Nxd2 Bxh2+ 17. Kxh2 Qf4+ 18. Kg1
Qxd2 19. Re2 Qh6 20. Rfe1 Rc1 21. Qb4 Rfc8 22. Qd6 Qf6 23. Bd7 Rxe1+ 24. Rxe1
Rd8 25. Qc7 Rxd7 $4 (25... Qe7 26. Rxe6 fxe6 27. Bxe6+ Kf8 $17) 26. Rxe6 Qd8
27. Qxd8+ Rxd8 28. Re7 $18 {Rabiega,R-Bunzmann,D,Stolzenau 15' 1996}) 9... Qc7
10. Qa4 Bd7 11. Nxd7 Qxd7 12. O-O Be7 13. Bxf6 $5 Bxf6 14. Re1+ Kf8 $6 15. Nd2
g6 16. Rad1 Qc7 $2 17. Nf1 Rd8 18. Ne3 a6 19. Bxc6 Qxc6 20. Qb3 d4 21. cxd4 Kg7
(21... Rxd4 $2 22. Rxd4 Bxd4 23. Qb4+ Bc5 24. Qc3 $16) 22. d5 Qb5 23. Rd3 Qxb3
24. Rxb3 b5 25. Rd1 Rd6 26. g3 Re8 $6 (26... Rc8) 27. a4 bxa4 28. Rb4 Rd7 29.
Nc4 Red8 30. d6 Be7 31. Rb6 a5 32. Rb5 $6 (32. Kg2) 32... Rc8 $1 $138 33. Rd4
$8 Bf6 34. Re4 Bd8 35. g4 f6 36. f4 $6 $138 f5 $1 37. gxf5 gxf5 38. Rxf5 $2 Rb7
39. Rfe5 Rb4 40. Re8 $2 (40. Re7+ Bxe7 41. dxe7 Re8 42. Nd6 Rxe4 43. Nxe8+ Kh8
$1 $19) (40. Ne3) 40... Rbxc4 $19 41. d7 Rc1+ 42. Kg2 Rb8 43. Re3 Rd1 44. Rg3+
Kf6 45. Rf8+ Ke7 46. Rgg8 Rxb2+ 47. Kf3 Bb6 48. f5 Rf2+ 0-1

[Event "Czerniak Memorial 12th"]
[Site "Tel Aviv"]
[Date "1996.??.??"]
[Round "4"]
[White "Zifroni, Dov"]
[Black "Kantsler, Boris"]
[Result "0-1"]
[WhiteElo "2455"]
[BlackElo "2475"]
[Annotator "Kantsler,B"]
[PlyCount "140"]
[EventDate "1996.04.??"]
[EventType "tourn"]
[EventRounds "11"]
[EventCountry "ISR"]
[EventCategory "9"]
[SourceTitle "CBM 053"]
[Source "ChessBase"]
[SourceDate "1996.08.01"]
[SourceVersion "1"]
[SourceVersionDate "1996.08.01"]
[SourceQuality "1"]

1. e4 c5 2. c3 Nf6 3. e5 Nd5 4. Nf3 Nc6 5. d4 cxd4 6. Bc4 Nb6 7. Bb3 d5 8. exd6
Qxd6 9. O-O Be6 10. Na3 dxc3 11. Qe2 Bxb3 12. Nb5 Qb8 13. axb3 e5 14. bxc3 Be7
15. Bg5 $1 Bxg5 (15... f6 $5 {Smagin,S-Dvoirys,S/RUS/1995/0,5/44/}) (15... a6
$5) 16. Nxg5 h6 (16... a6 $5) 17. Ne4 O-O 18. Rfd1 Rd8 19. Nbd6 Qc7 20. Qh5 Qe7
21. Rd3 $1 $16 {Smagin,S-Baikov,V/Moscow/1995/1:0/40/} Qe6 $5 22. Rad1 Rab8 (
22... Qxb3 $2 23. c4 $18) 23. b4 a6 24. Nc5 (24. Rf3 $6 Nc8 $1 (24... Rd7 $2
25. Nf6+ $1 gxf6 26. Qxh6 Ne7 27. Rxf6 $18) 25. Nf6+ Kf8 $1 26. Nh7+ Kg8 $10)
24... Qe7 25. Qe2 $6 (25. Qf3 $5) (25. h3 $5) 25... g6 $1 26. Qe4 f5 27. Qe2 e4
28. R3d2 Ne5 29. f3 $1 Kh7 $6 (29... exf3 $6 30. gxf3 $13) (29... Kh8 $5 $13)
30. fxe4 f4 31. Qf2 Rf8 32. Nb3 Nbd7 33. Nc5 Ng4 $5 (33... Nb6 34. Nb3 Nbd7 35.
Nc5 $10) 34. Qe2 (34. Nf5 $5 Nxf2 35. Rxd7 Nxd1 36. Rxe7+ Kh8 37. Nxh6 $13)
34... Nde5 35. Nf5 $1 gxf5 36. Rd7 Nxd7 37. Rxd7 Rbe8 (37... Rf7 38. Rxe7 Rxe7
39. Qd3 $14) 38. Qd3 Rf7 39. Qd5 b6 $2 (39... Qxd7 40. Nxd7 Ree7 41. Nc5 Ne3
$13) 40. Rxe7 Rexe7 41. Ne6 Ne3 42. Qd6 Nc4 (42... fxe4 43. Nxf4 $14) 43. Qc6
Ne5 44. Qd5 Ng4 45. e5 $6 (45. exf5 Ne3 46. Qd3 Nxf5 47. Nxf4 $14) 45... a5 $1
46. b5 a4 47. h3 Ne3 48. Qa2 f3 $1 49. gxf3 f4 50. Kf2 Rf5 51. h4 $6 (51. Nxf4
$5 Rexe5 $15) 51... a3 52. Nxf4 Rexe5 53. Ne2 Nd1+ 54. Kg3 Re3 55. Nd4 Nxc3 56.
Qc2 Ne4+ 57. Kg2 Rc5 58. Qd1 Rd5 59. Qc1 (59. fxe4 Rxe4 60. Qd3 Rdxd4 61. Qxa3
$15) 59... Rc3 60. Qf4 Nd6 61. Ne6 (61. Qf6 Rc7 $17) 61... a2 62. Qf6 Rd2+ 63.
Kh3 (63. Kg3 Ne4+ $19) 63... Rxf3+ $1 64. Qxf3 a1=Q 65. Nf8+ Kh8 66. Ne6 Nf7 $1
67. Qxf7 Qh1+ 68. Kg4 Qd1+ 69. Qf3 (69. Kf5 Rf2+ 70. Nf4 Rxf4+ 71. Kxf4 Qf1+
$19) 69... Qxf3+ 70. Kxf3 Rd5 0-1